00701nam a2200193 a 450000100100000000500170001000800410002702000180006804000250008610000180011124500840012926000280021330000370024149000290027850400730030750400330038071000540041383000400046700004324620250909091242.0140303s2006 sp ad 000 0 spa d a9788483470763 aDO-SdBNPbspacBNPHU1 aRey, Germán10aIndustrias culturales, creatividad y desarrollo / Germán Rey /cGermán Rey. aMadrid :bAECID,c2006. a143 p. :bil., gráf. ;c23 cm.1 aCultura y Desarrollov10 aIncluye referencias bibliográficas y notas al pie de las páginas aBibliografía : p. 139 -1432 aAgencia Española de Cooperación Internacional 0aCultura y Desarrollo (España)v10